|
|
|
|
| LEADER |
00000naa a2200000uu 4500 |
| 001 |
vtls010952912 |
| 003 |
SK-MaSNL |
| 005 |
20260302141939.0 |
| 008 |
210906|1999 xo |||||||||||||||||eng| |
| 015 |
|
|
|a SNBRA
|
| 035 |
|
|
|a (urnnbn)urn:nbn:sk:snk:ar-a0bl6y
|
| 035 |
|
|
|a (uuid)1bb491a8-d906-4f47-b388-4e815d24d3b7
|
| 035 |
|
|
|a urn:nbn:sk:snk-aaud78
|
| 040 |
|
|
|a SNKBUCL
|b slo
|c SNKBUCL
|e AACR2
|
| 041 |
0 |
|
|a eng
|
| 044 |
|
|
|a xo
|c SK
|
| 100 |
1 |
|
|a Howard, Ken W. F.
|4 aut
|9 233146
|
| 245 |
1 |
0 |
|a PROTECTION OF GROUNDWATER IN AREAS THREATENED BY URBAN DEVELOPMENT
|c Ken W. F. Howard, Richard E. Gerber
|
| 700 |
1 |
|
|a Gerber, Richard E.
|4 aut
|9 830150
|
| 773 |
0 |
|
|t Hydrogeology and land use management
|d Bratislava : Slovak Association of Hydrogeologists], 1999, 1999
|g S. 397-402
|z 8096820095
|
| 958 |
|
|
|a OND
|
| 958 |
|
|
|a article11
|
| 958 |
|
|
|a chapter
|
| 999 |
|
|
|c 1337434
|d 1339364
|